[Event "Druzynowe Mistrzostwa Polski w Szachach I LIGA 2021"]
[Site "Szklarska Poreba"]
[Date "1899-12-30"]
[Round "1.27"]
[White "Snihur, Piotr"]
[Black "Nurkiewicz, Maciej"]
[Result "0-1"]
[WhiteTitle "k+"]
[BlackTitle "m"]
[WhiteElo "2272"]
[BlackElo "2339"]

1. d4 Nf6 2. c4 c5 3. d5 b5 4. cxb5 a6 5. bxa6 g6 6. Nc3 Bxa6 7. e4 Bxf1 8. Kxf1
d6 9. g3 Bg7 10. Kg2 O-O 11. Nf3 Nbd7 12. h3 Qa5 13. Qe2 Rfb8 14. Rd1 Qa6 15.
Qe1 Ne8 16. a4 Rb4 17. Ra3 Rab8 18. Bf4 Rxb2 19. e5 Nb6 20. exd6 exd6 21. Rb1
Rb4 22. Rd1 Nc4 23. Ra2 Nb2 24. Rxb2 Rxb2 25. Nb5 Qxa4 26. Nxd6 Nxd6 27. Bxd6
Re8 28. Ra1 Qb5 29. Qd1 c4 30. Ba3 Rb3 31. Ra2 Rd3 0-1

[Event "Druzynowe Mistrzostwa Polski w Szachach I LIGA 2021"]
[Site "Szklarska Poreba"]
[Date "1899-12-30"]
[Round "1.28"]
[White "Bartel, Michal"]
[Black "Leskiewicz, Ignacy"]
[Result "0-1"]
[WhiteTitle "FM"]
[BlackTitle "k"]
[WhiteElo "2181"]
[BlackElo "2169"]

1. e4 c5 2. Nf3 e6 3. c4 Nc6 4. Nc3 Nf6 5. Be2 Be7 6. O-O Qc7 7. d4 cxd4 8. Nxd4
O-O 9. Be3 a6 10. Rc1 Qb8 11. Na4 Nxe4 12. Nb6 Ra7 13. Nxc6 bxc6 14. Nxc8 Rxc8
15. Bxa7 Qxa7 16. Qc2 f5 17. Bd3 Nf6 18. c5 a5 19. Rfe1 Kf7 20. Kh1 Rb8 21. a3
a4 22. Re2 g6 23. h3 Nd5 24. g4 fxg4 25. hxg4 Bf6 26. Qc4 Bxb2 27. Rf1 Bxa3 28.
f4 Qxc5 29. f5 exf5 30. gxf5 g5 31. f6 Qxc4 32. Bxc4 Bd6 33. Rd2 Bf4 34. Bxd5+
cxd5 35. Rxd5 d6 36. Ra1 Ra8 37. Rd3 Kxf6 38. Rda3 h5 39. Rxa4 Rd8 40. Kg2 Kf5
41. Ra7 Re8 42. Kf2 Be3+ 0-1

[Event "Druzynowe Mistrzostwa Polski w Szachach I LIGA 2021"]
[Site "Szklarska Poreba"]
[Date "1899-12-30"]
[Round "1.29"]
[White "Kwiatkowski, Wiktor"]
[Black "Sliwerski, Radoslaw"]
[Result "0-1"]
[WhiteTitle "I++"]
[BlackTitle "k++"]
[WhiteElo "2077"]
[BlackElo "2007"]

1. e4 c5 2. Nf3 d6 3. d4 cxd4 4. Nxd4 Nf6 5. Nc3 a6 6. h3 e5 7. Nb3 Be6 8. f4 g6
9. Qf3 Nc6 10. Be3 exf4 11. Qxf4 Nh5 12. Qf2 Qf6 13. g4 Qxf2+ 14. Kxf2 Nf6 15.
Rd1 O-O-O 16. Nd4 Nxd4 17. Bxd4 Bg7 18. Bg2 Rhg8 19. Bb6 Rd7 20. Rhe1 h5 21. g5
Nh7 22. h4 f6 23. Be3 fxg5 24. hxg5 Be5 25. Nd5 Rf7+ 26. Kg1 Rgf8 27. Rf1 Rxf1+
28. Bxf1 Bxd5 29. Rxd5 Rf3 30. Bd2 Nxg5 31. Bg2 Nh3+ 32. Kh1 Nf2+ 33. Kg1 Rf7
34. Bg5 Kc7 35. b3 Ng4 36. Rd2 Bh2+ 37. Kh1 Bg3 38. Re2 Nf2+ 39. Kg1 h4 40. Be3
Ng4 41. Bg5 Ne5 42. Be3 Bf4 43. Bd4 Nc6 44. Bb2 Be5 45. c3 g5 46. Bh3 Rf3 47.
Bg4 Rg3+ 48. Rg2 Rxg2+ 49. Kxg2 Bf6 50. Kh3 Ne5 51. Be2 g4+ 52. Kg2 h3+ 53. Kh2
Bg5 54. Bxg4 Nxg4+ 55. Kxh3 Nf2+ 56. Kg3 Nd3 57. Ba3 Bc1 0-1

[Event "Druzynowe Mistrzostwa Polski w Szachach I LIGA 2021"]
[Site "Szklarska Poreba"]
[Date "1899-12-30"]
[Round "1.30"]
[White "Kulon, Klaudia"]
[Black "Pastuszko, Kinga"]
[Result "1-0"]
[WhiteTitle "IM"]
[BlackTitle "k+"]
[WhiteElo "2332"]
[BlackElo "1984"]

1. e4 e5 2. Nf3 Nc6 3. Bb5 a6 4. Ba4 Nf6 5. O-O b5 6. Bb3 Bc5 7. c3 d6 8. d4 Bb6
9. h3 h6 10. Be3 O-O 11. Nbd2 Bb7 12. d5 Ne7 13. Bxb6 cxb6 14. Nh4 g5 15. Qf3
gxh4 16. Qxf6 Ng6 17. Qxd8 Raxd8 18. g4 Nf4 19. Kh2 f6 20. c4 Ra8 21. cxb5 axb5
22. a4 Ra5 23. axb5 Rxb5 24. Ra7 Rf7 25. Rb1 Kg7 26. Ba4 Rc5 27. Be8 Bxd5 28.
Bxf7 Bxf7 29. Rd7 d5 30. exd5 Kg6 31. Nf3 Nxd5 32. Nxh4+ Kg5 33. Kg3 Rc7 34. Rxc7
Nxc7 35. Ra1 Bc4 36. Rc1 1-0

[Event "Druzynowe Mistrzostwa Polski w Szachach I LIGA 2021"]
[Site "Szklarska Poreba"]
[Date "1899-12-30"]
[Round "1.31"]
[White "Marszalek, Maciej"]
[Black "Kaczmarek, Aleksander"]
[Result "1/2-1/2"]
[WhiteTitle "FM"]
[BlackTitle "FM"]
[WhiteElo "2291"]
[BlackElo "2368"]

1. d4 c5 2. d5 d6 3. c4 g6 4. Nf3 Bg7 5. g3 e5 6. e4 Ne7 7. Nc3 O-O 8. Bg2 Na6
9. O-O Nc7 10. Ne1 Rb8 11. a4 b6 12. Nd3 a6 13. f4 exf4 14. Bxf4 Ne8 15. Kh1 h6
16. Qd2 g5 17. Be3 Ng6 18. b4 Nf6 19. Rab1 Ng4 20. Nd1 Bd7 21. Bg1 Bxa4 22. Qa2
Bxd1 23. Rfxd1 Ra8 24. bxc5 bxc5 25. Qa4 a5 26. Rb5 h5 27. Rf1 h4 28. Bh3 N4e5
29. Nxe5 Bxe5 30. Rb3 hxg3 31. hxg3 Rb8 32. Rxb8 Qxb8 33. Qxa5 Qb3 34. Qe1 Kg7
35. Be3 Rh8 36. Kg2 Qc2+ 37. Qf2 Qxe4+ 38. Qf3 Qxf3+ 39. Rxf3 f6 40. Rf2 Ra8 41.
Rc2 Ra3 42. Bf2 Bc3 43. Bg4 Ne5 44. Be2 f5 45. Be3 Kf6 46. Bc1 Rb3 47. Ra2 Ng6
48. Bd3 Bd4 49. Bc2 Rb4 50. Bd2 Rb6 51. Ba5 Rb8 52. Bc7 Rb4 53. Bd8+ Ke5 54. Bxg5
Rb2 1/2-1/2

[Event "Druzynowe Mistrzostwa Polski w Szachach I LIGA 2021"]
[Site "Szklarska Poreba"]
[Date "1899-12-30"]
[Round "1.32"]
[White "Gahan, M G"]
[Black "Pulpan, Jakub"]
[Result "1/2-1/2"]
[WhiteTitle "FM"]
[BlackTitle "IM"]
[WhiteElo "2279"]
[BlackElo "2418"]

1. e4 e5 2. Nf3 Nc6 3. d4 exd4 4. Nxd4 Bb4+ 5. c3 Bc5 6. Nxc6 bxc6 7. Bc4 d6 8.
O-O Bb6 9. a4 a5 10. Qh5 Qe7 11. Bg5 Nf6 12. Qh4 h6 13. Nd2 O-O 14. Bxf6 Qxf6
15. Qxf6 gxf6 16. Rfe1 Re8 17. Nf1 f5 18. Ng3 fxe4 19. Nxe4 Kg7 20. Ng3 Bg4 21.
h3 Be6 22. Bd3 Bc5 23. Re2 d5 24. Rae1 d4 25. Bf5 Rab8 26. cxd4 Bb4 27. Rc1 Bb3
28. Rxe8 Rxe8 29. Bd7 Rd8 30. Bxc6 Kf8 31. d5 Bd2 32. Ra1 Bg5 33. Ne4 Bxd5 34.
Bxd5 Rxd5 35. Nxg5 hxg5 36. Rc1 c5 37. Kf1 Ke7 38. Ke2 Re5+ 39. Kd2 Kd6 40. Re1
Rd5+ 41. Kc3 Rd4 42. b3 Rb4 43. Rd1+ Ke6 44. Rd8 c4 45. bxc4 Rxa4 46. c5 Rb4 47.
Rd4 Rb1 48. Ra4 Rg1 49. g3 Rg2 50. Ra2 Kd5 51. Kd3 Kxc5 52. Rxa5+ Kd6 53. Rxg5
Rxf2 54. Ke4 Ke6 55. h4 f5+ 56. Ke3 Rf1 57. Rg6+ Kf7 58. Ra6 Kg7 59. Ke2 Rb1 60.
Kf3 Rf1+ 61. Kg2 Rb1 62. h5 Rc1 63. Rg6+ Kf7 64. Ra6 Kg7 65. h6+ Kh7 66. Rf6 Rc4
67. Kf3 Ra4 68. Rxf5 Kxh6 69. g4 Kg6 70. Rb5 Ra1 71. Rb6+ Kg5 72. Rb5+ Kg6 73.
Rb6+ 1/2-1/2

[Event "Druzynowe Mistrzostwa Polski w Szachach I LIGA 2021"]
[Site "Szklarska Poreba"]
[Date "1899-12-30"]
[Round "1.33"]
[White "Licznerski, Lukasz"]
[Black "Skomial, Mateusz"]
[Result "1/2-1/2"]
[WhiteTitle "FM"]
[BlackTitle "I++"]
[WhiteElo "2387"]
[BlackElo "2062"]

1. e4 e5 2. Nf3 Nf6 3. Nxe5 d6 4. Nf3 Nxe4 5. Nc3 Nxc3 6. dxc3 Be7 7. Be3 Nc6 8.
Qd2 Be6 9. O-O-O Qd7 10. Kb1 a6 11. Bd3 Ne5 12. Nxe5 dxe5 13. f3 O-O-O 14. Qe2
Qa4 15. b3 Qc6 16. c4 Bb4 17. Bc1 Bc3 18. Be4 Qb6 19. Rd3 Rxd3 20. Qxd3 Bb4 21.
Rd1 Be7 22. Bb2 Rd8 23. Bd5 c6 24. Bxe6+ fxe6 25. Qe2 Rxd1+ 26. Qxd1 Qe3 27. Qf1
Bf6 28. Bc1 Qd4 29. Bb2 Qe3 30. a4 h6 31. g3 Kc7 32. g4 Bg5 33. h3 Bf4 34. Ba3
g6 35. Qd1 Qd4 36. Qe2 Qg1+ 37. Ka2 Qe3 38. Qxe3 Bxe3 39. Kb2 e4 40. fxe4 Bd4+
41. Kc1 Be5 42. Kd2 Bf4+ 43. Ke2 Kd7 44. Bc5 Be5 45. Be3 Bg7 46. b4 e5 47. Bc5
Bf6 48. b5 Be7 49. Be3 Bf8 50. Kd3 c5 51. Bd2 Kd6 52. Ke2 g5 53. h4 Be7 54. hxg5
hxg5 55. Ba5 Kd7 56. Bb6 Kd6 57. Kd3 Kd7 58. Kc3 Kd6 59. Kb3 Kd7 60. a5 Kd6 61.
Ba7 Kd7 62. Bb8 Bd6 63. Bxd6 Kxd6 64. Ka2 Kd7 1/2-1/2

[Event "Druzynowe Mistrzostwa Polski w Szachach I LIGA 2021"]
[Site "Szklarska Poreba"]
[Date "1899-12-30"]
[Round "1.34"]
[White "Kulesza, Andrzej"]
[Black "Pinski, Jan"]
[Result "1/2-1/2"]
[WhiteTitle "I++"]
[BlackTitle "IM"]
[WhiteElo "1983"]
[BlackElo "2337"]

1. e4 c5 2. Nf3 Nc6 3. d4 cxd4 4. Nxd4 e5 5. Nb5 d6 6. N1c3 a6 7. Na3 Be7 8. Be3
Nf6 9. Nc4 Be6 10. Nb6 Rb8 11. Be2 O-O 12. O-O Nxe4 13. Nxe4 f5 14. Nc3 f4 15.
Bc4 Bxc4 16. Nxc4 fxe3 17. Nxe3 Nd4 18. Ncd5 Bg5 19. c3 Ne6 20. Qg4 Qe8 21. Rae1
Qg6 22. h4 Bd8 23. g3 Qxg4 24. Nxg4 h5 25. Nge3 b5 26. f4 exf4 27. Ng2 Rf5 28.
Rxe6 Rxd5 29. Nxf4 Bb6+ 30. Kh1 Rd2 31. Ng6 Bf2 32. Ne7+ Kf7 33. Re3 Re8 34. Rf3+
Kxe7 35. R3xf2 Rxf2 36. Rxf2 Kd7 37. Kg2 g6 38. Rd2 Kc6 39. Kf3 d5 40. Rd4 a5
41. a3 Kd6 42. Kf2 Re4 43. Kf3 Ke5 44. Rd1 Ke6 45. Rd3 Kd6 46. Rd4 Ke5 47. Rd1
a4 48. Rd3 Kd6 49. Kf2 Kc5 50. Rd2 Kc4 51. Kf1 d4 52. cxd4 Rxd4 53. Ke2 Rg4 54.
Rd3 b4 55. axb4 Kxb4 56. Kd2 Kc4 57. Kc2 g5 58. hxg5 Rxg5 59. Ra3 Kb4 60. Rf3
Kb5 61. Rf4 Rxg3 1/2-1/2

[Event "Druzynowe Mistrzostwa Polski w Szachach I LIGA 2021"]
[Site "Szklarska Poreba"]
[Date "1899-12-30"]
[Round "1.35"]
[White "Lukasiewicz, Krzysztof"]
[Black "Paprocki, Antoni"]
[Result "1-0"]
[WhiteTitle "FM"]
[BlackTitle "I++"]
[WhiteElo "2290"]
[BlackElo "1894"]

1. e4 c5 2. Nf3 d6 3. d4 cxd4 4. Nxd4 Nf6 5. Nc3 a6 6. Bc4 e6 7. Bb3 Nbd7 8. Qe2
Nc5 9. Bd2 Be7 10. O-O-O Qc7 11. g4 O-O 12. g5 Nfd7 13. h4 Ne5 14. h5 Re8 15.
g6 Bf8 16. Rdg1 b5 17. f4 Nxb3+ 18. axb3 Nc6 19. gxf7+ Kxf7 20. Nf3 Kg8 21. h6
g6 22. f5 exf5 23. Nd5 Qf7 24. Bc3 Rxe4 25. Qd2 Be7 26. Nxe7+ Qxe7 27. Rxg6+ hxg6
28. h7+ Qxh7 29. Rxh7 Kxh7 30. Ng5+ Kg8 31. Nxe4 fxe4 32. Qd5+ 1-0

[Event "Druzynowe Mistrzostwa Polski w Szachach I LIGA 2021"]
[Site "Szklarska Poreba"]
[Date "1899-12-30"]
[Round "1.36"]
[White "Budkiewicz, Magdalena"]
[Black "Michna, Marta"]
[Result "0-1"]
[WhiteTitle "k"]
[BlackTitle "WGM"]
[WhiteElo "1827"]
[BlackElo "2323"]

1. e4 g6 2. d4 Bg7 3. Nc3 c6 4. Nf3 d5 5. h3 Nh6 6. Bf4 f6 7. Qd2 Nf7 8. e5 O-O
9. Be2 b6 10. O-O Bb7 11. Rad1 Na6 12. Rfe1 Nc7 13. Bf1 Qd7 14. Ne2 Ne6 15. exf6
exf6 16. Be3 Nd6 17. Nf4 Nc7 18. Qb4 Rfe8 19. a4 Ba6 20. Bxa6 Nxa6 21. Qb3 Nc4
22. Bc1 Na5 23. Qd3 Nb4 24. Qd2 Na2 25. b3 Nxc1 26. Qxc1 Qd6 27. Ne2 Qf8 28. Ng3
Bh6 29. Qb2 Qb4 30. Qb1 Kf7 31. Rxe8 Rxe8 32. Re1 Rxe1+ 33. Qxe1 Qxe1+ 34. Nxe1
c5 35. Nf3 Nc6 36. c3 Bf8 37. dxc5 bxc5 38. Nd2 Na5 39. f3 f5 40. Kf2 Ke6 41.
Ke2 Bh6 42. Ngf1 c4 43. bxc4 dxc4 44. Ne3 Bxe3 45. Kxe3 Kd5 46. Nb1 Nb3 47. Na3
a6 48. Nc2 a5 49. Kf4 Nc1 50. Ke3 f4+ 51. Kxf4 Ne2+ 52. Ke3 Nxc3 53. Kd2 Nxa4
54. Ne3+ Kc5 0-1

[Event "Druzynowe Mistrzostwa Polski w Szachach I LIGA 2021"]
[Site "Szklarska Poreba"]
[Date "1899-12-30"]
[Round "1.37"]
[White "Lewtak, Damian"]
[Black "Klekowski, Maciej"]
[Result "1/2-1/2"]
[WhiteTitle "IM"]
[BlackTitle "GM"]
[WhiteElo "2397"]
[BlackElo "2510"]

1. d4 Nf6 2. c4 e6 3. Nf3 b6 4. g3 Ba6 5. b3 Bb4+ 6. Bd2 Be7 7. Bg2 c6 8. O-O d5
9. Qc2 Nbd7 10. a4 O-O 11. Rd1 Ne4 12. Ne5 Nxe5 13. Bxe4 Ng6 14. Bd3 Bf6 15. Bc3
Qc7 16. Nd2 Rfd8 17. Bb2 Rac8 18. Nf3 dxc4 19. Bxc4 Bxc4 20. Qxc4 c5 21. e3 Qb7
22. Qe2 cxd4 23. Nxd4 Rd7 24. Nb5 Bxb2 25. Qxb2 a6 26. Nd6 Qf3 27. Rd2 Rcd8 28.
Rad1 f6 29. Qc2 Ne5 30. Nc4 Rxd2 31. Rxd2 Rxd2 32. Qxd2 Nxc4 33. Qd7 Kf8 34. bxc4
Qe4 35. Qc8+ 1/2-1/2

[Event "Druzynowe Mistrzostwa Polski w Szachach I LIGA 2021"]
[Site "Szklarska Poreba"]
[Date "1899-12-30"]
[Round "1.38"]
[White "Seemann, Jakub"]
[Black "Kumala, Aleksander"]
[Result "1-0"]
[WhiteTitle "FM"]
[BlackTitle "CM"]
[WhiteElo "2294"]
[BlackElo "2140"]

1. d4 Nf6 2. Nf3 e6 3. c4 Nc6 4. g3 Bb4+ 5. Bd2 Bxd2+ 6. Qxd2 d6 7. Nc3 O-O 8.
Rd1 Qe7 9. Bg2 e5 10. Nd5 Nxd5 11. cxd5 Nxd4 12. Nxd4 exd4 13. Qxd4 Re8 14. e3
Qe5 15. O-O a5 16. Qd2 b6 17. Rc1 Re7 18. Rc3 Qh5 19. Rfc1 Ra7 20. Qd4 h6 21.
Qf4 Qg4 22. Qxg4 Bxg4 23. e4 f6 24. f3 Bc8 25. Kf2 Kf8 26. Ke3 Ke8 27. Kd4 Kd8
28. f4 Bg4 29. Re3 Rf7 30. Bf1 Bd7 31. Be2 a4 32. Bh5 Re7 33. Ra3 Ra5 34. Bd1
Kc8 35. Rc4 b5 36. Rc1 Kb7 37. Rac3 Be8 38. Bg4 Kb6 39. Be6 Ra8 40. f5 Ra7 41.
g4 b4 42. Rc4 Ka5 43. h4 Bb5 44. R4c2 b3 45. axb3 axb3 46. Ra1+ Kb4 47. Rcc1 Rxa1
48. Rxa1 Be2 49. Rg1 Re8 50. Ke3 Bc4 51. Ra1 Kc5 52. Bd7 Rb8 53. Bc6 h5 54. g5
fxg5 55. hxg5 h4 56. Rh1 Rh8 57. Bd7 h3 58. Be6 c6 59. f6 gxf6 60. g6 cxd5 61.
exd5 Re8 62. Kf4 Rxe6 63. dxe6 Bxe6 64. g7 1-0

[Event "Druzynowe Mistrzostwa Polski w Szachach I LIGA 2021"]
[Site "Szklarska Poreba"]
[Date "1899-12-30"]
[Round "1.39"]
[White "Kasperek, Ryszard"]
[Black "Barski, Radoslaw"]
[Result "0-1"]
[WhiteTitle "m"]
[BlackTitle "IM"]
[WhiteElo "2163"]
[BlackElo "2442"]

1. e4 c5 2. Nf3 d6 3. d4 cxd4 4. Nxd4 Nf6 5. Nc3 a6 6. f4 e5 7. Nf3 Nbd7 8. a4
Qc7 9. Bd3 Be7 10. O-O O-O 11. Kh1 Nc5 12. Qe1 Be6 13. f5 Bb3 14. Bg5 Qc6 15.
Qh4 Nxd3 16. cxd3 b5 17. axb5 axb5 18. Rac1 Qb7 19. Nd2 b4 20. Ne2 Ba4 21. Rf3
Rfc8 22. Rcf1 Kf8 23. g4 h6 24. Bxf6 Bxf6 25. Qe1 Rc2 26. Ng3 Bb5 27. Nh5 Rxb2
28. Nxf6 gxf6 29. Qe3 Raa2 30. Qxh6+ Ke7 31. R1f2 Qc6 32. g5 Rxd2 33. Qxf6+ Ke8
34. g6 Rxf2 35. gxf7+ Kf8 36. Qh6+ Kxf7 37. Qh5+ Kf8 38. Qh6+ 0-1

[Event "Druzynowe Mistrzostwa Polski w Szachach I LIGA 2021"]
[Site "Szklarska Poreba"]
[Date "1899-12-30"]
[Round "1.40"]
[White "Karolczuk, Iwo"]
[Black "Puczylowski, Marcin"]
[Result "1-0"]
[WhiteTitle "k+"]
[BlackTitle "k"]
[WhiteElo "2383"]
[BlackElo "2103"]

1. d4 d5 2. Nf3 Nf6 3. c4 dxc4 4. e3 c5 5. Bxc4 e6 6. O-O a6 7. b3 cxd4 8. Nxd4
e5 9. Nf3 Qxd1 10. Rxd1 Nc6 11. Ng5 Bc5 12. Bxf7+ Ke7 13. Bc4 h6 14. Nf3 e4 15.
Nd4 Nxd4 16. exd4 Bg4 17. f3 Rhd8 18. Bb2 Bh5 19. Na3 Ba7 20. Be2 Rac8 21. Nc4
b5 22. Ne3 exf3 23. gxf3 Nd5 24. Nxd5+ Rxd5 25. Rd2 a5 26. a4 b4 27. Re1 Kf8 28.
Bc4 Rd6 29. Re5 Bf7 30. Bxf7 Kxf7 31. Rxa5 Bb8 32. Ra8 Re8 33. d5 Rd7 34. Kf1
Rde7 35. d6 Re3 36. d7 Rd8 37. Kf2 Rxb3 38. Be5 Bc7 39. Bxc7 Rxa8 40. d8=Q Rxd8
41. Bxd8 Ra3 42. a5 b3 43. Bb6 Ke6 44. Ke2 g5 45. Kd3 b2+ 46. Kc2 Rxf3 47. Kxb2
Rf8 48. Kc3 g4 49. a6 1-0

[Event "Druzynowe Mistrzostwa Polski w Szachach I LIGA 2021"]
[Site "Szklarska Poreba"]
[Date "1899-12-30"]
[Round "1.41"]
[White "Kanarkiewicz, Michal"]
[Black "Przewoznik, Jan"]
[Result "1/2-1/2"]
[WhiteTitle "k"]
[BlackTitle "IM"]
[WhiteElo "2046"]
[BlackElo "2309"]

1. e4 e5 2. Nf3 Nc6 3. Bb5 a6 4. Ba4 f5 5. d3 fxe4 6. dxe4 Nf6 7. Bg5 Be7 8. Nc3
d6 9. O-O O-O 10. Nd5 Bg4 11. Bxc6 bxc6 12. Nxe7+ Qxe7 13. Qd3 Qf7 14. Nd2 Qh5
15. Bxf6 Rxf6 16. f3 Be6 17. Rf2 Rh6 18. Nf1 a5 19. a4 Rf6 20. Ne3 Rff8 21. Qc3
c5 22. Rd1 Rfb8 23. Rfd2 Rb4 24. b3 Rd4 25. Nc4 Qf7 26. Nxa5 Rb4 27. Nc6 Rb6 28.
Nxe5 Qf6 29. f4 dxe5 30. f5 Bf7 31. Qxc5 Rc6 32. Rd8+ Rxd8 33. Rxd8+ Qxd8 34.
Qxc6 Qd1+ 35. Kf2 Qd4+ 36. Kf1 h6 37. h3 Kh7 38. Qxc7 Qd1+ 39. Kf2 Qd2+ 40. Kg1
Qc1+ 41. Kh2 Qf4+ 42. Kh1 Bh5 43. Qc6 Qc1+ 44. Kh2 Qd2 45. Kh1 Bf7 46. Qc7 Qc1+
47. Kh2 Qf4+ 1/2-1/2

[Event "Druzynowe Mistrzostwa Polski w Szachach I LIGA 2021"]
[Site "Szklarska Poreba"]
[Date "1899-12-30"]
[Round "1.42"]
[White "Marcinczyk, Monika"]
[Black "Kasperek, Joanna"]
[Result "0-1"]
[WhiteTitle "WCM"]
[BlackTitle "k++"]
[WhiteElo "1982"]
[BlackElo "2053"]

1. e4 c5 2. Nf3 e6 3. d4 cxd4 4. Nxd4 a6 5. c4 Nf6 6. Nc3 Qc7 7. a3 Nc6 8. Nxc6
dxc6 9. Be3 e5 10. Be2 Be6 11. c5 Rd8 12. Qc2 Ng4 13. Bxg4 Bxg4 14. O-O Be7 15.
Na4 O-O 16. Nb6 Be6 17. Rfd1 Rxd1+ 18. Rxd1 Rd8 19. Rc1 h6 20. b4 Bg5 21. Bxg5
hxg5 22. Rd1 Rd4 23. Rxd4 exd4 24. g3 Qe5 25. f3 Kh8 26. Qd2 a5 27. Na4 axb4 28.
axb4 d3 29. Kg2 Qd4 30. Nb2 g4 31. Nd1 gxf3+ 32. Kxf3 f5 33. Qe3 fxe4+ 34. Kf4
Qxb4 35. Qxe4 Qxe4+ 36. Kxe4 Bb3 37. Nf2 d2 38. g4 d1=Q 39. Nxd1 Bxd1 40. Kf5
Kg8 41. h4 Kf7 42. h5 Ke7 43. Kg5 Ke6 44. Kh4 Kd5 45. g5 Kxc5 46. g6 Bxh5 0-1

[Event "Druzynowe Mistrzostwa Polski w Szachach I LIGA 2021"]
[Site "Szklarska Poreba"]
[Date "1899-12-30"]
[Round "1.43"]
[White "Sieciechowicz, Marcin"]
[Black "Bobula, Mateusz"]
[Result "1-0"]
[WhiteTitle "IM"]
[BlackTitle "IM"]
[WhiteElo "2362"]
[BlackElo "2329"]

1. d4 d5 2. Bf4 e6 3. e3 Bd6 4. Bg3 Nf6 5. Nf3 c5 6. c3 Nc6 7. Nbd2 Bxg3 8. hxg3
Qd6 9. Bd3 e5 10. dxc5 Qxc5 11. e4 Bg4 12. Qc2 Rd8 13. b4 Qd6 14. exd5 Nxd5 15.
Nc4 Qc7 16. O-O Bxf3 17. gxf3 h6 18. b5 Na5 19. Nxe5 Qxc3 20. Qxc3 Nxc3 21. Rac1
Rxd3 22. Nxd3 Ne2+ 23. Kg2 Nxc1 24. Rxc1 O-O 25. Rc7 Rd8 26. Ne5 Rd5 27. Nxf7
Rxb5 28. Nd6 Rb2 29. Nf5 Rxa2 30. Rxg7+ Kf8 31. Rc7 a6 32. Nxh6 b5 33. g4 Nc4
34. g5 Ne5 35. f4 Nd3 36. Kf3 Ra1 37. g6 Rg1 38. Rf7+ Ke8 39. g7 b4 40. Rf8+ Kd7
41. g8=Q Rxg8 42. Rxg8 1-0

[Event "Druzynowe Mistrzostwa Polski w Szachach I LIGA 2021"]
[Site "Szklarska Poreba"]
[Date "1899-12-30"]
[Round "1.44"]
[White "Toczek, Grzegorz"]
[Black "Reza, Wojciech"]
[Result "1-0"]
[WhiteTitle "FM"]
[BlackTitle "FM"]
[WhiteElo "2271"]
[BlackElo "2259"]

1. e4 c5 2. Nf3 Nc6 3. c3 Nf6 4. e5 Nd5 5. d4 cxd4 6. Bc4 Nb6 7. Bb3 d6 8. exd6
Qxd6 9. O-O Be6 10. Na3 dxc3 11. Qe2 O-O-O 12. bxc3 Bxb3 13. axb3 Qd3 14. Qb2
e6 15. Be3 Nd5 16. Bd4 Nxd4 17. cxd4 Kb8 18. Nc4 Bb4 19. Qa2 a6 20. Nfe5 Qf5 21.
Nc6+ Ka8 22. Ne3 Qe4 23. Nxd5 Rxd5 24. Nxb4 Rg5 25. f4 Qxd4+ 26. Kh1 1-0

[Event "Druzynowe Mistrzostwa Polski w Szachach I LIGA 2021"]
[Site "Szklarska Poreba"]
[Date "1899-12-30"]
[Round "1.45"]
[White "Plichta, Kamil"]
[Black "Kyc, Jerzy"]
[Result "1-0"]
[WhiteTitle "FM"]
[BlackTitle "m"]
[WhiteElo "2396"]
[BlackElo "2252"]

1. e4 c5 2. Nf3 d6 3. d4 cxd4 4. Nxd4 Nf6 5. Nc3 a6 6. Be3 e5 7. Nb3 Be7 8. f3
Be6 9. Qd2 O-O 10. O-O-O Nbd7 11. g4 b5 12. g5 b4 13. Ne2 Ne8 14. f4 a5 15. f5
Bxb3 16. cxb3 a4 17. Kb1 axb3 18. Nc1 bxa2+ 19. Ka1 Kh8 20. h4 d5 21. Qxd5 Nd6
22. Nb3 Re8 23. h5 Rc8 24. f6 gxf6 25. g6 Nb6 26. Bxb6 Qxb6 27. gxf7 Rf8 28. Bh3
Rcd8 29. Nc5 Nxf7 30. Nd7 Qa6 31. Qb3 Ng5 32. Nxf8 Rxf8 33. Bf5 Bc5 34. h6 Bd4
35. Qxb4 Qa8 36. Rh2 Re8 37. Rc2 Nxe4 38. Rdc1 Ng3 39. Bd7 Rg8 40. Be6 Be3 41.
Bxg8 Bxc1 42. Be6 1-0

[Event "Druzynowe Mistrzostwa Polski w Szachach I LIGA 2021"]
[Site "Szklarska Poreba"]
[Date "1899-12-30"]
[Round "1.46"]
[White "Sernecki, Franciszek"]
[Black "Budrewicz, Krzysztof"]
[Result "1/2-1/2"]
[WhiteTitle "FM"]
[BlackTitle "m"]
[WhiteElo "2211"]
[BlackElo "2188"]

1. d4 Nf6 2. c4 g6 3. Nc3 Bg7 4. e4 d6 5. Nf3 O-O 6. Be2 e5 7. O-O Na6 8. Be3 Qe8
9. dxe5 dxe5 10. h3 c6 11. c5 Nh5 12. Nd2 Nf4 13. Bxa6 bxa6 14. Nc4 Qe7 15. Nd6
a5 16. Nxc8 Raxc8 17. Qf3 Ne6 18. Qe2 Nd4 19. Bxd4 exd4 20. Na4 Rfe8 21. Rfe1
f5 22. Qc4+ Qf7 23. Qxf7+ Kxf7 24. exf5 gxf5 25. Kf1 Re4 26. Rad1 Ke6 27. b3 Rc7
28. f3 Rxe1+ 29. Rxe1+ Kd5 30. Re8 Bf6 31. Rf8 Ke6 32. Ke2 h5 33. Nb2 Rg7 34.
Kf1 Be7 35. Re8 Kd7 36. Rh8 h4 37. Nd3 Ke6 38. Re8 a4 39. Kf2 axb3 40. axb3 Kd5
41. Nf4+ Ke5 42. Nd3+ Ke6 43. Rc8 Kd5 44. Nf4+ Ke5 45. Nd3+ Kd5 46. Rc7 Bf8 47.
Nf4+ Ke5 48. Nd3+ Kd5 49. Nf4+ Ke5 50. Nd3+ 1/2-1/2

[Event "Druzynowe Mistrzostwa Polski w Szachach I LIGA 2021"]
[Site "Szklarska Poreba"]
[Date "1899-12-30"]
[Round "1.47"]
[White "Renkowski, Piotr"]
[Black "Gesicki, Jacek"]
[Result "1/2-1/2"]
[WhiteTitle "k+"]
[BlackTitle "FM"]
[WhiteElo "2178"]
[BlackElo "2166"]

1. e4 c5 2. Nf3 Nc6 3. Nc3 e5 4. Bc4 Be7 5. d3 d6 6. Nd2 Nf6 7. Nf1 O-O 8. Ne3
Rb8 9. a4 Nb4 10. O-O Be6 11. Qf3 Kh8 12. h3 Ne8 13. Ncd5 Nxd5 14. Bxd5 Nc7 15.
Bc4 Bg5 16. Nf5 Bxc1 17. Rfxc1 g6 18. Ne3 f5 19. exf5 gxf5 20. Nd5 Nxd5 21. Bxd5
Qd7 22. Re1 Rf7 23. Bxe6 Qxe6 24. Qh5 Rg8 25. f3 Rf6 26. f4 Qd5 27. Re2 Rfg6 28.
g4 fxg4 29. h4 Qd4+ 30. Kg2 exf4 31. Re4 Qf6 32. Qd5 f3+ 33. Kg3 Rf8 34. Rf1 f2
35. Rc4 Qd8 36. Re4 Qd7 37. Rxf2 Rxf2 38. Kxf2 Rf6+ 39. Kg2 g3 40. Qg5 Rf7 41.
Rf4 Rxf4 1/2-1/2

[Event "Druzynowe Mistrzostwa Polski w Szachach I LIGA 2021"]
[Site "Szklarska Poreba"]
[Date "1899-12-30"]
[Round "1.48"]
[White "Trybowska, Barbara"]
[Black "Dwilewicz, Katarzyna"]
[Result "0-1"]
[WhiteTitle "I++"]
[BlackTitle "WFM"]
[WhiteElo "1806"]
[BlackElo "2092"]

1. e4 e5 2. Nf3 Nc6 3. Bb5 a6 4. Ba4 Nf6 5. d3 b5 6. Bb3 Bc5 7. O-O d6 8. h3 Na5
9. Re1 O-O 10. Bg5 Nxb3 11. axb3 c6 12. Qe2 h6 13. Bh4 Qe7 14. Nh2 Qe6 15. Kh1
Kh7 16. Nd2 Bd7 17. c3 a5 18. Rad1 Bb6 19. c4 Ng8 20. g4 Ne7 21. Qf3 Bd4 22. Ndf1
Bxb2 23. Ne3 a4 24. Nf5 Ng6 25. bxa4 bxa4 26. Rg1 a3 27. Qe2 Rab8 28. g5 Nxh4
29. Nxh4 Qxh3 30. gxh6 g6 31. N4f3 Qxh6 32. Ng5+ Kg7 33. Rb1 Rh8 34. f3 Bd4 35.
Rxb8 Rg8 36. Rc8 Rxc8 0-1

[Event "Druzynowe Mistrzostwa Polski w Szachach I LIGA 2021"]
[Site "Szklarska Poreba"]
[Date "1899-12-30"]
[Round "1.49"]
[White "Psyk, Radoslaw"]
[Black "Zylka, Stanislaw"]
[Result "1-0"]
[WhiteTitle "k++"]
[BlackTitle "FM"]
[WhiteElo "2400"]
[BlackElo "2312"]

1. e4 e6 2. d3 d5 3. Nd2 Nf6 4. Ngf3 Be7 5. g3 c5 6. Bg2 Nc6 7. O-O O-O 8. Re1
b5 9. e5 Nd7 10. Nf1 b4 11. h4 a5 12. N1h2 a4 13. a3 bxa3 14. bxa3 Rb8 15. h5
Ba6 16. h6 g6 17. Ng4 Nd4 18. Nxd4 cxd4 19. Bd2 Qc7 20. Qf3 Rfc8 21. Bb4 Qd8 22.
Bxe7 Qxe7 23. Qf4 Qc5 24. Rec1 Rb2 25. Bf1 Rb6 26. Rab1 Rxb1 27. Rxb1 Qxa3 28.
Qxd4 Qa2 29. Ra1 Qxc2 30. Rxa4 Nc5 31. Ra3 Qb1 32. Qf4 f5 33. exf6 Qb7 34. Ne5
Kf8 35. f7 Ke7 36. Qg5+ Kd6 37. Qf4 Ke7 38. Qh4+ Kd6 39. d4 Bxf1 40. dxc5+ 1-0

[Event "Druzynowe Mistrzostwa Polski w Szachach I LIGA 2021"]
[Site "Szklarska Poreba"]
[Date "1899-12-30"]
[Round "1.50"]
[White "Nowak, Mikolaj"]
[Black "Zaskalski, Arkadiusz"]
[Result "1-0"]
[WhiteTitle "k++"]
[BlackTitle "k"]
[WhiteElo "2310"]
[BlackElo "2160"]

1. e4 c5 2. Nf3 Nc6 3. d4 cxd4 4. Nxd4 g6 5. Nc3 Bg7 6. Nb3 Nf6 7. Be2 d6 8. O-O
O-O 9. Re1 Be6 10. Bf1 Nd7 11. Nd5 Re8 12. c3 Nb6 13. f4 f5 14. Nxb6 Qxb6+ 15.
Be3 Qc7 16. Nd4 Nxd4 17. Bxd4 a6 18. Bxg7 Kxg7 19. Qd4+ Kg8 20. exf5 Bxf5 21.
Bc4+ e6 22. Re3 d5 23. Bb3 Be4 24. Rf1 Rad8 25. Rf2 Qg7 26. Qb6 Qe7 27. g3 Kg7
28. Bc2 Bxc2 29. Rxc2 Rd6 30. Qd4+ Qf6 31. Re5 Rc6 32. Rce2 Kf7 33. Qe3 Qd8 34.
Kg2 Qd6 35. f5 gxf5 36. Rxf5+ exf5 37. Qxe8+ Kf6 38. Qh8+ Kg6 39. Re8 Qf6 40.
Qg8+ Kh6 41. Qxd5 f4 42. Qf3 fxg3 43. Qxf6+ Rxf6 44. hxg3 Rd6 45. Kh3 Kg5 46.
Re7 Rh6+ 47. Kg2 Rb6 48. b3 h6 49. Kh3 Kf6 50. Rc7 Ke5 51. Kh4 Ke4 52. Rd7 Kf3
53. g4 Rb5 54. Rd6 Ra5 55. a4 b5 56. Rd5 1-0